Walzermasken. 24 Tonfantasien im Dreivierteltakt für Klavier / Heft 4

Hlavní autor: Godowsky, Leopold, 1870-1938
Jazyk: Nelze použít, není lingvistický obsah
Vydáno: Berlin : Schlesinger'sche Buch- und Musikhandlung (Rob. Lineau), 1911
Fyzický popis: s. 60-84
Hudebniny Hudebniny
Uloženo v:
LEADER 00788ncm a22002052a 4500
001 001253729
003 CZ BrMZK
005 20121003085535.0
007 qu
008 080506s1911 gw |||||||||||||| zxx d
040 |a BOA001  |b cze 
100 1 |a Godowsky, Leopold,  |d 1870-1938  |7 jn19990002733  |4 cmp 
245 1 0 |a Walzermasken.  |n Heft 4  |h [hudebnina] :  |b 24 Tonfantasien im Dreivierteltakt für Klavier /  |c Leopold Godowsky 
260 |a Berlin :  |b Schlesinger'sche Buch- und Musikhandlung (Rob. Lineau),  |c 1911 
300 |a s. 60-84 
505 0 0 |t Valse macabre --  |t Abendglocken --  |t Orientale --  |t Wienerisch --  |t Sage --  |t Portrait 
910 |a BOA001  |b Mus4-0548.130,4 
990 |a MU 
991 |b 201210 
996 6 |b 2619246679  |c Mus4-0548.130,4  |l MZK  |r Sklad / do 1 hodiny  |n 0  |w 001287807  |u 000010  |a 1  |e BOA001  |j MZK50  |s P